[Event "ICS Rated blitz match"]
[Site "204.178.125.65"]
[Date "2000.12.20"]
[Round "?"]
[White "Hossa"]
[Black "Zippy"]
[Result "0-1"]
[WhiteElo "2491"]
[BlackElo "2413"]
[PlyCount "200"]
[EventDate "2000.??.??"]

1. Nf3 b6 2. b3 d5 3. e3 Nf6 4. Ba3 c5 5. Ne5 Bd7 6. Nxd7 Nbxd7 7. Ba6 e5 8.
Nc3 d4 9. Nb5 Be7 10. exd4 cxd4 11. Bxe7 Kxe7 12. Qe2 Kf8 13. Bb7 Rb8 14. Bf3
Qc8 15. c3 dxc3 16. Nxc3 Qe8 17. b4 Qe7 18. Qc4 e4 19. Be2 Ne5 20. Qa6 Rd8 21.
Rd1 Qxb4 22. Qxa7 Qd6 23. O-O Nfg4 24. g3 Qh6 25. h4 Qc6 26. Rb1 Nf6 27. Rxb6
Qc5 28. Qb7 Re8 29. Rxf6 gxf6 30. Qxe4 Rg8 31. Qf4 Rg7 32. Rb1 Qc6 33. h5 Rd8
34. Rc1 Nd3 35. Bxd3 Rxd3 36. Ne2 Qb6 37. h6 Rg6 38. a4 Rd8 39. d4 Qa5 40. Ra1
Re8 41. Qd6+ Kg8 42. Qc6 Rf8 43. Nf4 Rxh6 44. d5 Qb4 45. Kg2 Qe4+ 46. f3 Qe7
47. Rb1 Qa3 48. Re1 Qa2+ 49. Re2 Qb1 50. Nh3 Qd1 51. Re7 Rd8 52. Re8+ Rxe8 53.
Qxe8+ Kg7 54. Qd7 Qd2+ 55. Nf2 Rg6 56. Qb7 Rg5 57. d6 Qxd6 58. Ne4 Qd5 59. Qc8
Qa2+ 60. Kf1 Rg6 61. Nd6 Qb1+ 62. Ke2 Rg5 63. Ne4 Re5 64. Qg4+ Kf8 65. Qc8+ Re8
66. Qc6 Re6 67. Qd7 f5 68. Qd8+ Re8 69. Qd6+ Kg8 70. Qd7 Qc2+ 71. Kf1 Re6 72.
Qd8+ Kg7 73. Qd4+ Kg6 74. Nf2 Ra6 75. Nd3 Qxa4 76. Ne5+ Kg7 77. Nc4+ f6 78. Kg2
Qc2+ 79. Nd2 Ra2 80. Qd7+ Kh6 81. Kh3 Qxd2 82. Qxf5 Qg5 83. Qe4 Rb2 84. g4 Qd2
85. g5+ Qxg5 86. Qg4 Qxg4+ 87. Kxg4 Rb4+ 88. Kf5 Kg7 89. Ke6 h5 90. Ke7 h4 91.
f4 Rxf4 92. Kd6 h3 93. Kd5 h2 94. Ke6 h1=Q 95. Kd6 Rd4+ 96. Kc5 Qh5+ 97. Kc6
Qd5+ 98. Kc7 Qc5+ 99. Kb7 Rd7+ 100. Ka6 Ra7# {Hossa checkmated} 0-1

[Event "ICS Rated blitz match"]
[Site "204.178.125.65"]
[Date "2000.12.20"]
[Round "?"]
[White "wanky"]
[Black "Hossa"]
[Result "1-0"]
[WhiteElo "2629"]
[BlackElo "2471"]
[PlyCount "115"]
[EventDate "2000.??.??"]

1. d4 Nf6 2. c4 e6 3. Nf3 Bb4+ 4. Nbd2 O-O 5. e3 d5 6. a3 Be7 7. Bd3 dxc4 8.
Nxc4 b6 9. Qc2 Bb7 10. e4 Nh5 11. O-O Nd7 12. e5 Bxf3 13. gxf3 f5 14. exf6
Ndxf6 15. Be3 c5 16. dxc5 Bxc5 17. b4 Be7 18. Rfd1 Qb8 19. Qe2 Nd5 20. Qc2 g6
21. Bh6 Rf7 22. Kh1 Bf8 23. Bxf8 Qxf8 24. Ne5 Rc7 25. Qb2 Nhf4 26. Be4 Rac8 27.
Rac1 Nc3 28. Rd7 Rxd7 29. Nxd7 Qg7 30. Qd2 g5 31. Rc2 h6 32. h4 b5 33. Qd6 Rd8
34. Bc6 Ncd5 35. Bxd5 Qxd7 36. Qxd7 Rxd7 37. Bc6 Rd1+ 38. Kh2 gxh4 39. Bxb5 Rd5
40. Rc4 Rf5 41. Bd7 Kf7 42. Rc7 a5 43. b5 Rg5 44. b6 Rg2+ 45. Kh1 Rxf2 46. b7
Rf1+ 47. Kh2 Kg6 48. Be8+ Kf6 49. Rf7+ Kg5 50. b8=Q Rf2+ 51. Kg1 Nh3+ 52. Kh1
Rf1+ 53. Kh2 Rh1+ 54. Kxh1 Nf2+ 55. Kg2 Kg6 56. Rf8+ Kg7 57. Qa7+ Kxf8 58. Qf7#
{Hossa checkmated} 1-0

[Event "ICS rated blitz match"]
[Site "204.178.125.65"]
[Date "2000.12.20"]
[Round "?"]
[White "georgie"]
[Black "Hossa"]
[Result "0-1"]
[WhiteElo "2033"]
[BlackElo "2465"]
[PlyCount "54"]
[EventDate "2000.??.??"]

1. d4 Nf6 2. c4 e6 3. Nf3 d5 4. Nc3 Bb4 5. cxd5 Nxd5 6. Bd2 O-O 7. e4 Nf6 8.
Bd3 c5 9. e5 cxd4 10. exf6 dxc3 11. Bxh7+ Kxh7 12. Ng5+ Kg6 13. Qc2+ Kxf6 14.
bxc3 Qc7 15. Nh7+ Ke7 16. Nxf8 Kxf8 17. O-O Kg8 18. Rad1 Bd6 19. f4 Bc5+ 20.
Kh1 b6 21. c4 Nd7 22. Bc3 Bb7 23. Qb2 g6 24. Rd3 Be7 25. Rh3 f6 26. Rg3 Qxc4
27. Qb1 Be4 {georgie resigns} 0-1

[Event "ICS rated blitz match"]
[Site "204.178.125.65"]
[Date "2000.12.20"]
[Round "?"]
[White "Hossa"]
[Black "A-Yasseen"]
[Result "1/2-1/2"]
[WhiteElo "2469"]
[BlackElo "2267"]
[PlyCount "81"]
[EventDate "2000.??.??"]

1. e4 c5 2. Nf3 d6 3. Nc3 Nc6 4. Bc4 e6 5. d4 cxd4 6. Nxd4 Nf6 7. O-O Be7 8.
Bb5 Bd7 9. Be3 O-O 10. Qe2 Qc7 11. a3 a6 12. Nxc6 Bxc6 13. Bd3 b5 14. Bd4 e5
15. Be3 d5 16. exd5 Nxd5 17. Bxh7+ Kxh7 18. Qd3+ Kg8 19. Nxd5 Bxd5 20. Qxd5
Qxc2 21. Qxe5 Bf6 22. Qc5 Qxc5 23. Bxc5 Rfc8 24. Be3 Bxb2 25. Ra2 Bf6 26. g4
Rc4 27. f4 Re8 28. Bc1 Rec8 29. Bd2 Be7 30. Rf3 Rc2 31. Rxc2 Rxc2 32. Rd3 Ra2
33. Bb4 Bxb4 34. axb4 Rb2 35. Rd4 f6 36. h4 Rc2 37. h5 Kf7 38. Rd7+ Kf8 39.
Rd8+ Kf7 40. Rd7+ Kf8 41. Rd8+ {Game drawn by mutual agreement} 1/2-1/2

[Event "ICS rated blitz match"]
[Site "204.178.125.65"]
[Date "2000.12.20"]
[Round "?"]
[White "BOKTA"]
[Black "Hossa"]
[Result "0-1"]
[WhiteElo "2009"]
[BlackElo "2461"]
[PlyCount "54"]
[EventDate "2000.??.??"]

1. d4 Nf6 2. c3 d5 3. Bf4 Bg4 4. Qb3 Qc8 5. Nd2 e6 6. e3 c5 7. Ngf3 Nc6 8. Qa4
Be7 9. Ne5 cxd4 10. exd4 O-O 11. Nxg4 Nxg4 12. Be2 e5 13. dxe5 Ngxe5 14. O-O
Qf5 15. Bxe5 Qxe5 16. Rfe1 Bd6 17. Nf3 Qh5 18. h3 Qf5 19. Qd1 Qd7 20. Qd2 Rfe8
21. Rad1 Rad8 22. Bb5 Re4 23. Nd4 Qc7 24. Ba4 Bf4 25. Qd3 Nxd4 26. cxd4 Rxe1+
27. Rxe1 Qa5 {BOKTA resigns} 0-1

[Event "ICS rated blitz match"]
[Site "204.178.125.65"]
[Date "2000.12.20"]
[Round "?"]
[White "Hossa"]
[Black "BOKTA"]
[Result "1/2-1/2"]
[WhiteElo "2463"]
[BlackElo "2007"]
[PlyCount "245"]
[EventDate "2000.??.??"]

1. e4 d6 2. d4 Nf6 3. Nc3 g6 4. Bg5 c6 5. Qd2 b5 6. Bd3 h6 7. Bxf6 exf6 8. d5
b4 9. Nce2 c5 10. c3 a5 11. Nf3 Bg7 12. Bb5+ Bd7 13. Bxd7+ Qxd7 14. O-O O-O 15.
Qc2 Re8 16. Rfc1 Qe7 17. Re1 Nd7 18. Nd2 Nb6 19. Rab1 Ra7 20. Rbd1 h5 21. Ra1
Bh6 22. f4 Qf8 23. c4 Rae7 24. Kf1 Qg7 25. a3 Qf8 26. axb4 axb4 27. b3 Ra8 28.
Qb2 Bg7 29. Rxa8 Nxa8 30. Qa2 Qc8 31. Kg1 Nb6 32. Qc2 Ra7 33. Nf3 Nd7 34. Rb1
Qa8 35. Nc1 Ra1 36. Qb2 Rxb1 37. Qxb1 Qa3 38. Nd3 Bh6 39. g3 Bg7 40. Nf2 Kh7
41. Ne1 Kg8 42. Ng2 Kh7 43. Ne3 Kg8 44. Nd3 Kh7 45. Ne1 Kg8 46. N3g2 Kf8 47.
Nc2 Qa8 48. Nce3 Kg8 49. Nd1 Kf8 50. Ne1 Qa3 51. Nf3 Kg8 52. Nh4 Kf8 53. Ne3
Kg8 54. Nf3 Kf8 55. Nc2 Qa8 56. Kh1 Kg8 57. Nce1 Kf8 58. Nd3 Kg8 59. Nb2 Kf8
60. Na4 Kg8 61. Qc2 Kf8 62. Qe2 Kg8 63. Qf2 Kf8 64. Kg1 Kg8 65. Qe2 Kf8 66. Ne1
Kg8 67. Qc2 Kf8 68. Nd3 Kg8 69. Nf2 Kh8 70. Qe2 Kg8 71. g4 hxg4 72. Qxg4 Qe8
73. Kg2 Kh7 74. Qh3+ Kg8 75. Qh4 Bh8 76. h3 Bg7 77. Kf1 Qe7 78. Qg4 Qe8 79. h4
Qe7 80. Qg3 Qe8 81. h5 Kf8 82. Qh3 Kg8 83. h6 Bf8 84. h7+ Kh8 85. Kg1 Bg7 86.
Qh4 Nf8 87. Kf1 Nxh7 88. f5 Kg8 89. fxg6 fxg6 90. Qg3 Bf8 91. Qg4 Ng5 92. Nb6
Kg7 93. Kg2 Nf7 94. Kg1 Ne5 95. Qh3 Qb8 96. Na4 Qc7 97. Qe3 Qd7 98. Nb2 Be7 99.
Qg3 Qc8 100. Qg2 Qh8 101. Nbd3 Nxd3 102. Nxd3 Qh4 103. Kf1 Kf7 104. Ke2 f5 105.
exf5 gxf5 106. Qf3 Qh2+ 107. Kf1 Qh7 108. Nf4 Bf6 109. Ne6 Qg6 110. Qf4 Be5
111. Qf3 Qg4 112. Ke2 Qxf3+ 113. Kxf3 Kg6 114. Nf8+ Kh5 115. Ne6 Kg6 116. Nf8+
Kh5 117. Ne6 Kg6 118. Nf8+ Kh5 119. Ne6 Kg6 120. Nf8+ Kh5 121. Ne6 Kg6 122.
Nf8+ Kh5 123. Ne6 {Game drawn by repetition} 1/2-1/2

[Event "ICS rated blitz match"]
[Site "204.178.125.65"]
[Date "2000.12.20"]
[Round "?"]
[White "ChesterX"]
[Black "Hossa"]
[Result "1-0"]
[WhiteElo "2658"]
[BlackElo "2449"]
[PlyCount "101"]
[EventDate "2000.??.??"]

1. e4 e5 2. f4 exf4 3. Nc3 Qh4+ 4. Ke2 d5 5. Nxd5 Bg4+ 6. Nf3 Bd6 7. d4 Ne7 8.
Nxf4 Nec6 9. e5 Bf8 10. Be3 Nd7 11. Kd2 Qd8 12. Kc1 Be7 13. h3 Bf5 14. g4 Be4
15. e6 Nb6 16. exf7+ Kxf7 17. Bd3 Bxd3 18. Qxd3 Qd7 19. Rf1 Ke8 20. Qe4 g6 21.
Ng5 Qd6 22. Nfe6 Kd7 23. Nc5+ Kc8 24. Nf7 Qd5 25. Nxh8 Bxc5 26. Qe8+ Qd8 27.
Qxd8+ Nxd8 28. dxc5 Nd5 29. Kd2 Kd7 30. Rf8 Nxe3 31. Kxe3 Rb8 32. Rd1+ Ke7 33.
Rg8 Nc6 34. Rg7+ Kf6 35. Rf7+ Ke5 36. Rxh7 Re8 37. h4 Nb4 38. Nf7+ Ke6 39. Ng5+
Ke5 40. c4 b5 41. cxb5 a5 42. Nf3+ Ke6 43. b6 Nc2+ 44. Kf4 Nd4 45. Rxd4 Rf8+
46. Ke4 g5 47. bxc7 Rf4+ 48. Ke3 Rxd4 49. Kxd4 Kf6 50. c8=Q gxh4 51. Qa6# {
Hossa checkmated} 1-0

[Event "ICS rated standard match"]
[Site "204.178.125.65"]
[Date "2000.12.20"]
[Round "?"]
[White "Hossa"]
[Black "BrazilianMaster"]
[Result "0-1"]
[WhiteElo "2383"]
[BlackElo "2573"]
[PlyCount "88"]
[EventDate "2000.??.??"]

1. d4 Nf6 2. Nf3 g6 3. c4 Bg7 4. Nc3 O-O 5. e4 d6 6. Be2 e5 7. O-O Nc6 8. d5
Ne7 9. b4 Nh5 10. Re1 f5 11. Ng5 Nf6 12. exf5 Nxf5 13. Ne6 Bxe6 14. dxe6 c6 15.
Bd3 Qe7 16. Bg5 Qxe6 17. f3 Nd7 18. Qd2 a5 19. bxa5 Nc5 20. Bxf5 gxf5 21. Rab1
Qxc4 22. Be7 Rfe8 23. Bxd6 e4 24. Ne2 Nd3 25. Rxb7 Re6 26. Rxg7+ Kxg7 27. Ng3
Nxe1 28. Nxf5+ Kf7 29. Qxe1 exf3 30. Qb1 fxg2 31. Ng3 Qd4+ 32. Kxg2 Qd2+ 33.
Kf1 Rxd6 34. Qxh7+ Ke8 35. Qh8+ Kd7 36. Qxa8 Rf6+ 37. Kg1 Qe1+ 38. Kg2 Rf2+ 39.
Kh3 Qe6+ 40. Kh4 Qh6+ 41. Nh5 Rf4+ 42. Kh3 Qxh5+ 43. Kg2 Qg6+ 44. Kh3 Qg4# {
Hossa checkmated} 0-1

[Event "ICS rated blitz match"]
[Site "204.178.125.65"]
[Date "2000.12.20"]
[Round "?"]
[White "K-Asrian"]
[Black "Hossa"]
[Result "1-0"]
[WhiteElo "2516"]
[BlackElo "2442"]
[PlyCount "141"]
[EventDate "2000.??.??"]

1. e4 e5 2. Nf3 Nc6 3. Bb5 a6 4. Ba4 d6 5. O-O Nge7 6. c3 Bd7 7. d4 Ng6 8. Bg5
Be7 9. Bxe7 Qxe7 10. d5 Nb8 11. c4 Bxa4 12. Qxa4+ Nd7 13. b4 O-O 14. Nc3 f5 15.
Qc2 Nh4 16. Nxh4 Qxh4 17. Rae1 Nf6 18. f3 fxe4 19. Nxe4 a5 20. a3 axb4 21. axb4
Ra6 22. c5 Qf4 23. b5 Ra7 24. cxd6 cxd6 25. Nxd6 Qd4+ 26. Kh1 Nxd5 27. Rd1 Qc3
28. Qxc3 Nxc3 29. Rd3 Rd8 30. Rxc3 Rxd6 31. Rc7 Kf8 32. h3 Rg6 33. Rd1 Ke8 34.
Rc5 Ra2 35. Rxe5+ Kf7 36. g4 Re6 37. Rd7+ Ke8 38. Rxe6+ Kxd7 39. Re5 g6 40. Kg1
Rd2 41. f4 Kd6 42. Re8 Kc5 43. Re7 b6 44. Rxh7 Kxb5 45. Rh6 Rd4 46. Rxg6 Rxf4
47. h4 Kc5 48. h5 b5 49. h6 Rf7 50. Rg7 Rf8 51. h7 Rh8 52. g5 Kb4 53. g6 Rc8
54. Rg8 Rc1+ 55. Kf2 Rc2+ 56. Ke3 Rc3+ 57. Kd2 Rc6 58. h8=Q Rd6+ 59. Kc2 Rc6+
60. Kb2 Kc4 61. Qh4+ Kc5 62. Qf2+ Kd6 63. Qd4+ Ke6 64. Re8+ Kf5 65. Qe4+ Kg5
66. Re5+ Kh6 67. Qxc6 b4 68. g7+ Kh7 69. Re7 b3 70. g8=R+ Kxg8 71. Qe8# {
Hossa checkmated} 1-0

[Event "ICS rated standard match"]
[Site "204.178.125.65"]
[Date "2000.12.20"]
[Round "?"]
[White "Hossa"]
[Black "BrazilianMaster"]
[Result "1-0"]
[WhiteElo "2400"]
[BlackElo "2556"]
[PlyCount "71"]
[EventDate "2000.??.??"]

1. e4 c5 2. Nf3 d6 3. d4 cxd4 4. Nxd4 Nf6 5. Nc3 Nc6 6. Bg5 e6 7. Qd2 a6 8.
O-O-O Bd7 9. f4 Be7 10. Nf3 b5 11. Bxf6 gxf6 12. g4 b4 13. Ne2 Rc8 14. Kb1 Qa5
15. Nc1 Qa4 16. Nb3 Nb8 17. Bd3 h5 18. gxh5 Rxh5 19. Qg2 Bf8 20. Qg4 Rh8 21.
Nfd4 Bh6 22. Qh4 Ke7 23. e5 dxe5 24. fxe5 Bg5 25. Qe1 f5 26. h4 Bh6 27. h5 Kf8
28. Qh4 Be3 29. Rh3 Bxd4 30. Qxd4 Rg8 31. h6 a5 32. Qd6+ Ke8 33. h7 Rh8 34. Rg3
f6 35. Rg7 Qxa2+ 36. Kxa2 {BrazilianMaster resigns} 1-0

[Event "ICS rated standard match"]
[Site "204.178.125.65"]
[Date "2000.12.20"]
[Round "?"]
[White "BrazilianMaster"]
[Black "Hossa"]
[Result "1-0"]
[WhiteElo "2533"]
[BlackElo "2423"]
[PlyCount "83"]
[EventDate "2000.??.??"]

1. Nf3 b6 2. c4 Nf6 3. d4 e6 4. g3 Bb7 5. Bg2 Bb4+ 6. Bd2 Bxd2+ 7. Qxd2 O-O 8.
O-O d6 9. Nc3 Na6 10. Qf4 Qe7 11. Rfd1 Rad8 12. e4 c5 13. a3 Nh5 14. Qe3 Nf6
15. e5 dxe5 16. dxe5 Ng4 17. Qf4 f5 18. exf6 Nxf6 19. Rxd8 Qxd8 20. Rd1 Qa8 21.
Rd3 Nd5 22. Qg4 Nxc3 23. Rd7 Ne2+ 24. Kf1 Rf7 25. Rxf7 Kxf7 26. Ng5+ Kg6 27.
Nxe6+ Kf7 28. Qxg7+ Ke8 29. Bxb7 Qxb7 30. Qxb7 Nc1 31. Qxa7 Nd3 32. Qxa6 Nxb2
33. Qxb6 Na4 34. Qd8+ Kf7 35. Ng5+ Kg7 36. f4 Kh6 37. Qf6+ Kh5 38. Qf7+ Kg4 39.
Qe6+ Kh5 40. Qh3+ Kg6 41. Qxh7+ Kf6 42. Qf7# {Hossa checkmated} 1-0

[Event "ICS rated blitz match"]
[Site "204.178.125.65"]
[Date "2000.12.20"]
[Round "?"]
[White "reunionnais"]
[Black "Hossa"]
[Result "0-1"]
[WhiteElo "2035"]
[BlackElo "2432"]
[PlyCount "84"]
[EventDate "2000.??.??"]

1. Nf3 Nf6 2. c4 e6 3. Nc3 d5 4. d4 Be7 5. Qc2 dxc4 6. e4 Nc6 7. Be3 Nb4 8. Qd1
b5 9. a3 Nc6 10. e5 Ng4 11. Nxb5 Nxe3 12. fxe3 Rb8 13. Bxc4 a6 14. Nc3 Rxb2 15.
O-O O-O 16. Bd3 f5 17. exf6 gxf6 18. Rb1 Rxb1 19. Qxb1 Rf7 20. Qa2 Na5 21. Rb1
c5 22. Ne4 cxd4 23. exd4 Nc6 24. Qc4 f5 25. Ng3 Qd7 26. h3 Bxa3 27. Nh5 a5 28.
Ng5 Nxd4 29. Nxf7 Kxf7 30. Rf1 Kg6 31. g4 Bb7 32. Nf4+ Kf6 33. Be2 Nxe2+ 34.
Nxe2 Qd6 35. Qc3+ Kf7 36. gxf5 Bc5+ 37. Rf2 Qd1+ 38. Kh2 Bd6+ 39. Nf4 Qh1+ 40.
Kg3 Qg1+ 41. Kh4 Qxf2+ 42. Kh5 Bf3+ {reunionnais resigns} 0-1

[Event "ICS rated standard match"]
[Site "204.178.125.65"]
[Date "2000.12.20"]
[Round "?"]
[White "Hossa"]
[Black "subgud"]
[Result "1-0"]
[WhiteElo "2412"]
[BlackElo "1974"]
[PlyCount "47"]
[EventDate "2000.??.??"]

1. Nf3 f5 2. d4 Nf6 3. d5 d6 4. e3 e5 5. dxe6 Bxe6 6. Nd4 Bd7 7. Bd3 Qc8 8. O-O
c6 9. Nc3 g6 10. Kh1 Bg7 11. b4 O-O 12. b5 d5 13. Ba3 Re8 14. Bd6 c5 15. Nf3 c4
16. Be2 Ne4 17. Nxe4 fxe4 18. Qxd5+ Be6 19. Qxe4 Bxa1 20. Rxa1 Nd7 21. Ng5 Nf6
22. Qd4 Qd7 23. Qxf6 Qxd6 24. Bxc4 {subgud resigns} 1-0

[Event "ICS rated standard match"]
[Site "204.178.125.65"]
[Date "2000.12.20"]
[Round "?"]
[White "BrazilianMaster"]
[Black "Hossa"]
[Result "1-0"]
[WhiteElo "2535"]
[BlackElo "2414"]
[PlyCount "85"]
[EventDate "2000.??.??"]

1. c4 Nf6 2. d4 e6 3. Nc3 Bb4 4. e3 Ne4 5. Qc2 d5 6. Bd3 f5 7. Nge2 O-O 8. cxd5
exd5 9. O-O Nxc3 10. bxc3 Bd6 11. Nf4 c6 12. Rb1 Qc7 13. c4 g5 14. c5 Be7 15.
Nh5 Bd8 16. Ng3 Qf7 17. f3 f4 18. exf4 gxf4 19. Ne2 Qg7 20. Kh1 Bc7 21. Bd2 Kh8
22. Rg1 b6 23. a4 Rf6 24. Qc1 Bf5 25. Bxf5 Rxf5 26. Bxf4 Bxf4 27. Nxf4 Qf6 28.
g3 Nd7 29. Re1 Qxd4 30. cxb6 Nxb6 31. Qxc6 Raf8 32. a5 Nc4 33. Re7 Qf2 34. Qh6
Qxf3+ 35. Kg1 Qe3+ 36. Rxe3 R5f7 37. Ng6+ Kg8 38. Nxf8 Ne5 39. Rxe5 d4 40. Rg5+
Kh8 41. Ng6+ Kg8 42. Ne5+ Kh8 43. Nxf7# {Hossa checkmated} 1-0

[Event "ICS rated standard match"]
[Site "204.178.125.65"]
[Date "2000.12.20"]
[Round "?"]
[White "Hossa"]
[Black "erce"]
[Result "1-0"]
[WhiteElo "2403"]
[BlackElo "2049"]
[PlyCount "76"]
[EventDate "2000.??.??"]

1. Nf3 d5 2. c4 c6 3. e3 Nf6 4. Nc3 g6 5. d4 Bg7 6. Bd3 O-O 7. O-O dxc4 8. Bxc4
Bg4 9. h3 Bxf3 10. Qxf3 Nbd7 11. Bb3 e5 12. Rd1 Qe7 13. d5 e4 14. Qf4 cxd5 15.
Qc7 Qc5 16. Qxb7 Rab8 17. Qa6 Nb6 18. Bd2 Nc4 19. Nxd5 Nxd5 20. Rac1 Ndb6 21.
Bxc4 Nxc4 22. b4 Qb5 23. Qxb5 Rxb5 24. Rxc4 Rd8 25. Kf1 Rbd5 26. Ke2 Rd3 27.
Rxe4 Ra3 28. Rc4 Rxa2 29. h4 h5 30. Rc7 Bf8 31. Rc4 Bg7 32. Ke1 Bf6 33. g3 Rd3
34. Rc7 Rb3 35. Rd7 Rbb2 36. Rc1 g5 37. hxg5 Bxg5 38. Rc8+ Kg7 {erce resigns}
1-0

[Event "ICS rated blitz match"]
[Site "204.178.125.65"]
[Date "2000.12.21"]
[Round "?"]
[White "Hossa"]
[Black "ChesterX"]
[Result "0-1"]
[WhiteElo "2438"]
[BlackElo "2657"]
[PlyCount "116"]
[EventDate "2000.??.??"]

1. Nf3 Nf6 2. d4 g6 3. c4 Bg7 4. Nc3 d5 5. cxd5 Nxd5 6. e4 Nxc3 7. bxc3 c5 8.
Bc4 O-O 9. O-O Nc6 10. dxc5 Qa5 11. Bb2 Bg4 12. h3 Rad8 13. Bd5 e6 14. hxg4
exd5 15. exd5 Qxc5 16. Rb1 Rxd5 17. Ba3 Qc4 18. Qb3 Qxb3 19. Rxb3 Rb8 20. c4
Rd7 21. Re3 Na5 22. Rfe1 f5 23. Re8+ Rxe8 24. Rxe8+ Kf7 25. Rc8 fxg4 26. Ng5+
Kf6 27. Rc5 Nc6 28. Nxh7+ Kf7 29. Rd5 Ke8 30. Kf1 Rxd5 31. cxd5 Ne7 32. d6 Nf5
33. Ng5 Kd7 34. Ne4 Kc6 35. Ke2 Be5 36. g3 b6 37. Kf1 a5 38. Kg2 Bd4 39. Kf1 b5
40. Ke2 b4 41. Bc1 Nxd6 42. Nxd6 Kxd6 43. Bd2 Kd5 44. Kf1 Kc4 45. Ke2 a4 46.
Bf4 a3 47. Bd6 Bc5 48. Be5 Kd5 49. Ba1 Bd4 50. Bxd4 Kxd4 51. Kd2 b3 52. axb3 a2
53. b4 a1=Q 54. Ke2 Qb1 55. b5 Qd3+ 56. Ke1 Ke4 57. f4 Kf3 58. f5 Qe2# {
Hossa checkmated} 0-1

[Event "ICS rated standard match"]
[Site "204.178.125.65"]
[Date "2000.12.21"]
[Round "?"]
[White "ChesterX"]
[Black "Hossa"]
[Result "1-0"]
[WhiteElo "2415"]
[BlackElo "2407"]
[PlyCount "69"]
[EventDate "2000.??.??"]

1. e4 c5 2. Nf3 d6 3. d4 cxd4 4. Nxd4 Nf6 5. Nc3 g6 6. Be3 Bg7 7. f3 O-O 8. Qd2
Nc6 9. Bc4 Bd7 10. O-O-O Rc8 11. Bb3 Ne5 12. h4 Nc4 13. Bxc4 Rxc4 14. h5 Nxh5
15. g4 Nf6 16. Qh2 Rxc3 17. bxc3 Qa5 18. Nb3 Qxa2 19. e5 Nh5 20. Bf4 f6 21.
gxh5 fxe5 22. hxg6 Rxf4 23. gxh7+ Kh8 24. Rdg1 Rf7 25. Qh5 Bf5 26. Rh2 Rf8 27.
Rxg7 Qa3+ 28. Kd2 Qxb3 29. Rg8+ Rxg8 30. hxg8=Q+ Kxg8 31. Qg5+ Kf8 32. Rh8+ Kf7
33. Qg8+ Kf6 34. Rh6+ Bg6 35. Qxg6# {Hossa checkmated} 1-0

[Event "ICS rated blitz match"]
[Site "204.178.125.65"]
[Date "2000.12.21"]
[Round "?"]
[White "PostModernist"]
[Black "Hossa"]
[Result "0-1"]
[WhiteElo "2660"]
[BlackElo "2431"]
[PlyCount "146"]
[EventDate "2000.??.??"]

1. d4 d5 2. Nf3 Nf6 3. e3 e6 4. Bd3 c5 5. c3 c4 6. Bc2 Bd6 7. Nbd2 Bd7 8. e4
Be7 9. e5 Ng4 10. Nb1 Bb5 11. h3 Nh6 12. Bxh6 gxh6 13. O-O Nd7 14. Re1 Ba6 15.
Nfd2 Bg5 16. b4 cxb3 17. axb3 Nf8 18. g3 Nd7 19. f4 Bxf4 20. Qf3 Bg5 21. Qf2
O-O 22. h4 Be7 23. Qf4 Kg7 24. Kh2 f5 25. exf6+ Nxf6 26. Rxe6 h5 27. Qe5 Rf7
28. Bd1 Kg8 29. Bxh5 Rg7 30. Bf3 Bd3 31. h5 Rf7 32. Qe3 Bb5 33. Re5 Kh8 34. h6
Bd6 35. c4 Bc6 36. Rf5 Bd7 37. Rg5 Qf8 38. Re5 dxc4 39. Nxc4 Bxe5 40. Nxe5 Re7
41. Qg5 Be6 42. Ra5 Ng8 43. d5 Bf5 44. d6 Re6 45. Nf7+ Qxf7 46. Rxf5 Rxh6+ 47.
Qxh6 Nxh6 48. Rxf7 Nxf7 49. Bxb7 Rb8 50. Bd5 Nxd6 51. Nd2 Nf5 52. Bc4 Ne3 53.
Ne4 a5 54. Bf7 Kg7 55. Be6 Rb6 56. Bc4 Rb4 57. Bd3 Rxb3 58. Nc5 Rb4 59. Kg1 Rb2
60. Be4 Kg8 61. Bf3 Rc2 62. Nd7 Kf7 63. Be4 Rd2 64. Nc5 h6 65. Nb3 Ra2 66. Nd4
Kf6 67. Nb5 Nf5 68. Bxf5 Kxf5 69. Nd6+ Kg4 70. Kf1 a4 71. Ke1 a3 72. Nc4 Ra1+
73. Kf2 a2 {PostModernist resigns} 0-1

[Event "ICS rated blitz match"]
[Site "204.178.125.65"]
[Date "2000.12.21"]
[Round "?"]
[White "georgie"]
[Black "Hossa"]
[Result "0-1"]
[WhiteElo "2012"]
[BlackElo "2456"]
[PlyCount "26"]
[EventDate "2000.??.??"]

1. d4 Nf6 2. c4 e6 3. Nf3 d5 4. g3 dxc4 5. Bg2 a6 6. Ne5 Bb4+ 7. Nc3 Nd5 8.
Bxd5 Bxc3+ 9. bxc3 exd5 10. Ba3 f6 11. e4 fxe5 12. Qh5+ g6 13. Qxe5+ Kf7 {
georgie resigns} 0-1

[Event "ICS rated blitz match"]
[Site "204.178.125.65"]
[Date "2000.12.21"]
[Round "?"]
[White "Hossa"]
[Black "georgie"]
[Result "1-0"]
[WhiteElo "2458"]
[BlackElo "2010"]
[PlyCount "54"]
[EventDate "2000.??.??"]

1. c4 Nf6 2. d4 c5 3. dxc5 Na6 4. Nc3 Nxc5 5. b4 Nce4 6. Nxe4 Nxe4 7. Qd3 Nf6
8. e4 e6 9. Bd2 d5 10. exd5 exd5 11. cxd5 Qxd5 12. Nf3 Bf5 13. Qxd5 Nxd5 14.
Bb5+ Bd7 15. Bxd7+ Kxd7 16. O-O-O Bd6 17. Kb2 Rhd8 18. Bg5 Nf6 19. Bf4 Kc6 20.
Bxd6 Rxd6 21. Ne5+ Kc7 22. Nxf7 Re6 23. Rd2 Ne4 24. Rc2+ Kb6 25. Re1 Rf8 26. f3
Rxf7 27. Rxe4 Rxe4 {georgie resigns} 1-0

[Event "ICS rated blitz match"]
[Site "204.178.125.65"]
[Date "2000.12.21"]
[Round "?"]
[White "Hossa"]
[Black "wanky"]
[Result "1/2-1/2"]
[WhiteElo "2462"]
[BlackElo "2686"]
[PlyCount "248"]
[EventDate "2000.??.??"]

1. c4 c6 2. e4 d5 3. cxd5 cxd5 4. exd5 Nf6 5. Nc3 Nxd5 6. Nf3 Nxc3 7. bxc3 g6
8. Bb5+ Nc6 9. d4 Bg7 10. O-O Bg4 11. h3 Bd7 12. Bg5 Be6 13. Qd2 O-O 14. Bh6
Qa5 15. Bxg7 Kxg7 16. Bxc6 bxc6 17. Ne5 Rac8 18. Rfb1 c5 19. Rb7 cxd4 20. Qxd4
Rfd8 21. Nd7+ Kg8 22. Rxa7 Qxc3 23. Rd1 Qxd4 24. Rxd4 Rc1+ 25. Kh2 Rdc8 26. a4
R1c7 27. Rxc7 Rxc7 28. Ne5 Kg7 29. Kg3 Rc2 30. Kf3 Rc3+ 31. Ke2 Ra3 32. Nd3 Kf6
33. Kd2 h6 34. Nc5 Bf5 35. g4 Ke5 36. Rb4 Ra2+ 37. Ke3 Bc2 38. h4 Kd5 39. Nd7
f6 40. f4 Kd6 41. Nb6 Ra3+ 42. Kd2 Bb3 43. Nc8+ Kd7 44. Nb6+ Kc6 45. Nc8 e5 46.
Ne7+ Kc5 47. Rb5+ Kc4 48. Rb6 exf4 49. Nxg6 Ra2+ 50. Ke1 Ra1+ 51. Kf2 Ra2+ 52.
Kg1 Ra1+ 53. Kh2 Ra2+ 54. Kh3 Bxa4 55. Rxf6 Ra3+ 56. Kg2 Bd1 57. Nxf4 Ra2+ 58.
Kg3 Ra3+ 59. Kh2 Bxg4 60. Rxh6 Kd4 61. Rb6 Ke4 62. Ng6 Kf5 63. Ne7+ Kf4 64.
Rf6+ Ke5 65. Rh6 Kf4 66. Ng6+ Kf3 67. Ne5+ Kf4 68. Nc4 Ra2+ 69. Kg1 Re2 70. Nd6
Kg3 71. Kf1 Re3 72. Rg6 Kxh4 73. Rg8 Re6 74. Rxg4+ Kxg4 75. Nc4 Kf3 76. Nd2+
Ke3 77. Ke1 Kd3+ 78. Kd1 Rb6 79. Kc1 Rf6 80. Nb3 Rf5 81. Nd2 Rf2 82. Nb1 Ra2
83. Kd1 Rc2 84. Na3 Rc6 85. Nb1 Rg6 86. Kc1 Rg1+ 87. Kb2 Rg7 88. Na3 Rb7+ 89.
Kc1 Rb4 90. Nb1 Rb5 91. Nd2 Rh5 92. Nb1 Re5 93. Kb2 Rb5+ 94. Kc1 Rc5+ 95. Kb2
Rc6 96. Na3 Rb6+ 97. Kc1 Rb7 98. Nb1 Rh7 99. Kb2 Rh8 100. Na3 Rb8+ 101. Kc1 Rb6
102. Nb1 Rg6 103. Kb2 Kd4 104. Kb3 Rb6+ 105. Kc2 Rh6 106. Nd2 Rh2 107. Kd1 Kd3
108. Nf1 Re2 109. Ng3 Rg2 110. Nf1 Rb2 111. Ke1 Re2+ 112. Kd1 Rf2 113. Ke1 Rf3
114. Nd2 Re3+ 115. Kd1 Rg3 116. Ke1 Rg2 117. Nf1 Rc2 118. Ng3 Ra2 119. Kf1 Ke3
120. Nf5+ Kf4 121. Nd4 Ke5 122. Nf3+ Kd6 123. Nd4 Kd7 124. Ne2 Kd6 {
Game drawn by the 50 move rule} 1/2-1/2

[Event "ICS rated blitz match"]
[Site "204.178.125.65"]
[Date "2000.12.21"]
[Round "?"]
[White "Hossa"]
[Black "cmslim"]
[Result "0-1"]
[WhiteElo "2465"]
[BlackElo "2720"]
[PlyCount "104"]
[EventDate "2000.??.??"]

1. c4 c5 2. g3 Nc6 3. Bg2 g6 4. d3 d6 5. Nh3 Nf6 6. O-O h6 7. Nf4 e5 8. Nd5
Nxd5 9. cxd5 Nd4 10. e3 Nb5 11. f4 Bg7 12. fxe5 Bxe5 13. Qe2 Qe7 14. Nd2 Bg7
15. Qf2 Bf5 16. Ne4 O-O 17. Qf4 Bxe4 18. Bxe4 f5 19. Bf3 Kh7 20. Bd1 Nc7 21.
Bb3 Be5 22. Qf2 f4 23. gxf4 Rxf4 24. Qg2 Rh4 25. h3 Rf8 26. Rxf8 Qxf8 27. Bd1
Qf5 28. Bg4 Qxd3 29. e4 Ne8 30. Bd2 Bxb2 31. Rd1 Bd4+ 32. Kh1 Nf6 33. Be1 Rxg4
34. Rxd3 Rxg2 35. Kxg2 Nxe4 36. Ra3 c4 37. Ra4 b5 38. Ra5 c3 39. Rxb5 c2 40.
Rb7+ Kg8 41. Rc7 Bc5 42. Re7 c1=Q 43. Re8+ Kf7 44. Rxe4 Qc2+ 45. Kg3 Qxe4 46.
Bf2 Qe5+ 47. Kg2 Qg5+ 48. Kf1 Qf5 49. Ke2 Qc2+ 50. Ke1 Qxf2+ 51. Kd1 Be3 52. h4
Qd2# {Hossa checkmated} 0-1